000 00425nam a2200181Ia 4500
003 OSt
005 20260401141342.0
008 250729s1976 xx 000 0 und d
040 _cAL
041 _aeng
082 _a370.25 PASB
100 _aB.K .Passi
_9230801
245 _aBecoming better teacher
260 _aBaroda
_bSahitha Mudralaya
_c1976
300 _a351p
650 _aEducation
_9230802
942 _2ddc
_cBED
999 _c238963
_d238963